The history of sexuality. (Record no. 348842)

000 -LEADER
fixed length control field 00748 a2200181 4500
020 ## - INTERNATIONAL STANDARD BOOK NUMBER
International Standard Book Number 0679724699 (paperback)
020 ## - INTERNATIONAL STANDARD BOOK NUMBER
International Standard Book Number 9780679724698 (paperback)
082 ## - DEWEY DECIMAL CLASSIFICATION NUMBER
Classification number 301.41'7
090 ## - LOCALLY ASSIGNED LC-TYPE CALL NUMBER (OCLC); LOCAL CALL NUMBER (RLIN)
-- 6481
-- 6481
100 1# - MAIN ENTRY--PERSONAL NAME
Personal name Foucault, Michel.
245 14 - TITLE STATEMENT
Title The history of sexuality.
Number of part/section of a work Vol. 1 :
Remainder of title an introduction /
Statement of responsibility, etc. Michel Foucault, Robert Hurley.
260 ## - PUBLICATION, DISTRIBUTION, ETC.
Place of publication, distribution, etc. [S.l.] :
Name of publisher, distributor, etc. Vintage,
Date of publication, distribution, etc. 1990.
300 ## - PHYSICAL DESCRIPTION
Extent 168 p. ;
Dimensions 21 cm.
520 ## - SUMMARY, ETC.
Summary, etc. The author turns his attention to sex and the reasons why we are driven constantly to analyze and discuss it. An iconoclastic explanation of modern sexual history.
700 1# - ADDED ENTRY--PERSONAL NAME
Personal name Hurley, Robert.
856 40 - ELECTRONIC LOCATION AND ACCESS
Materials specified Amazon.com
Uniform Resource Identifier <a href="http://www.amazon.com/exec/obidos/ASIN/0679724699/chopaconline-20">http://www.amazon.com/exec/obidos/ASIN/0679724699/chopaconline-20</a>
942 ## - ADDED ENTRY ELEMENTS (KOHA)
Institution code [OBSOLETE] NBS
Koha item type Book
Call number prefix 301.41'7 FOU
Holdings
Withdrawn status Lost status Damaged status Not for loan Permanent Location Current Location Date acquired Total Checkouts Total Renewals Full call number Barcode Date last seen Date last checked out Price effective from Koha item type
        Central Library (CL) Central Library (CL) 08/28/2013 4 3 301.41'7 FOU NBS8787 07/08/2024 08/18/2023 08/28/2013 Book
© 2023 Central Library, National University of Sciences and Technology. All Rights Reserved.